Italian Baby Girl Names 2019 - Statistics

General Stats
  • This quiz has been taken 903 times
  • The average score is 16 of 50
Answer Stats
# Name % Correct
35 Maria
84%
11 Anna
77%
1 Sofia
73%
3 Giulia
67%
6 Emma
60%
23 Francesca
59%
17 Sara
58%
13 Chiara
55%
29 Elisa
52%
25 Alessia
48%
27 Elena
48%
33 Isabel
44%
12 Martina
43%
7 Giorgia
40%
5 Alice
39%
8 Beatrice
37%
31 Marta
36%
10 Vittoria
35%
2 Aurora
33%
24 Mia
33%
18 Bianca
29%
19 Camilla
28%
39 Carlotta
27%
4 Ginevra
26%
16 Nicole
26%
26 Rebecca
26%
20 Arianna
25%
43 Eleonora
25%
32 Giada
25%
22 Gaia
24%
9 Greta
23%
15 Ludovica
23%
36 Emily
22%
30 Viola
21%
48 Benedetta
20%
14 Matilde
20%
49 Irene
19%
21 Noemi
19%
41 Margherita
16%
45 Melissa
16%
44 Asia
15%
37 Cecilia
15%
42 Chloe
15%
47 Miriam
13%
50 Rachele
13%
38 Azzurra
12%
28 Adele
11%
46 Anita
11%
34 Gioia
11%
40 Ambra
9%
No matching quizzes found
Score Distribution
Percent of People with Each Score
Percentile by Number Answered
Your Score History
You have not taken this quiz